[Event "61. BEM 2007"]
[Site "Dortmund"]
[Date "2007.03.13"]
[Round "8.3"]
[White "Schütte, Tobias"]
[Black "Zelt, Jens"]
[Result "1/2-1/2"]
[WhiteElo "1886"]
[BlackElo "2063"]
[PlyCount "196"]
[EventDate "2007.??.??"]
[Source "SG Dortmund"]
[SourceDate "2004.12.16"]

1. d4 b6 2. e4 e6 3. Bd3 Bb7 4. Nf3 Be7 5. O-O c5 6. Nc3 Nf6 7. e5 Nd5 8. Nxd5
Bxd5 9. c3 O-O 10. Re1 c4 11. Be4 Bxe4 12. Rxe4 d5 13. Rg4 f5 14. exf6 Bxf6 15.
Qe2 Qc8 16. Bg5 Nc6 17. Rg3 Qd7 18. Re1 Rae8 19. Bxf6 Rxf6 20. Ne5 Nxe5 21.
Qxe5 Rf5 22. Qe2 Rf6 23. Re3 Qf7 24. Re5 Kf8 25. f3 Re7 26. Kf2 Re8 27. b3 b5
28. bxc4 bxc4 29. Rb1 Qc7 30. Qc2 Kg8 31. Qb2 Rf7 32. Qb5 Rfe7 33. Qa6 Kf7 34.
Qb5 Rd8 35. f4 Rd6 36. Qa4 Rb6 37. Rb4 Rxb4 38. Qxb4 a5 39. Qb1 Kg8 40. g3 g6
41. h4 Qd7 42. h5 gxh5 43. Rxh5 Qe8 44. Rg5+ Rg7 45. Re5 Re7 46. Qd1 Qf7 47.
Qg4+ Kh8 48. Rg5 Re8 49. Qe2 Qf6 50. Kf3 Rd8 51. g4 Rd6 52. Kg3 Rd7 53. Rh5 Kg8
54. Re5 Rd6 55. Qb2 Qd8 56. Qb5 Kg7 57. f5 exf5 58. Rxf5 Qe7 59. Re5 Qd8 60.
Qb7+ Rd7 61. Rxd5 Rxb7 62. Rxd8 Rb2 63. Rc8 Rxa2 64. Rxc4 a4 65. Kf3 Kf6 66.
Ke3 a3 67. Kd3 Rg2 68. Ra4 a2 69. Ke3 Rc2 70. c4 Rxc4 71. Rxa2 Kg5 72. Rh2 Rc7
73. Kf3 Rc3+ 74. Ke4 Rc7 75. Rg2 Rd7 76. d5 Re7+ 77. Kd4 Kf4 78. d6 Rg7 79. Rg1
Kf3 80. Rf1+ Kg3 81. g5 Kg4 82. Ke4 Rd7 83. Rg1+ Kh5 84. Kf5 Rf7+ 85. Ke6 Rf2
86. Rh1+ Kxg5 87. Rxh7 Kg6 88. Re7 Re2+ 89. Kd7 Rd2 90. Re6+ Kf7 91. Re4 Kf6
92. Rc4 Ra2 93. Kc8 Ke6 94. d7 Ra8+ 95. Kb7 Rd8 96. Kc6 Rxd7 97. Re4+ Kf5 98.
Kxd7 Kxe4 1/2-1/2

[Event "61. BEM 2007"]
[Site "Dortmund"]
[Date "2007.03.13"]
[Round "8.4"]
[White "Zeldin, Vitali"]
[Black "Gorzinski, Dariusz"]
[Result "1-0"]
[WhiteElo "1927"]
[BlackElo "1855"]
[PlyCount "71"]
[EventDate "2007.??.??"]
[Source "SG Dortmund"]
[SourceDate "2004.12.16"]

1. e4 g6 2. d4 Bg7 3. Nc3 d6 4. Bg5 a6 5. Bc4 h6 6. Be3 e6 7. Qd2 Ne7 8. O-O-O
Nd7 9. Bb3 b5 10. h4 Bb7 11. f3 c5 12. dxc5 dxc5 13. a3 Qc7 14. Bf4 Ne5 15. Nh3
c4 16. Ba2 N7c6 17. Ne2 a5 18. Qe3 Qe7 19. Nf2 Rc8 20. Bxe5 Nxe5 21. f4 Nd3+
22. Nxd3 cxd3 23. Rxd3 Qc7 24. Bb1 Ba6 25. Rd2 Bf6 26. e5 Be7 27. g4 Bc5 28.
Nd4 O-O 29. f5 exf5 30. gxf5 Kh7 31. h5 g5 32. f6 Kh8 33. c3 Qb7 34. Rg1 b4 35.
Rxg5 Bxd4 36. Rg8+ 1-0

[Event "61. BEM 2007"]
[Site "Dortmund"]
[Date "2007.03.13"]
[Round "8.5"]
[White "Tkachuk, Sergiy"]
[Black "Gitschel, Ralf"]
[Result "0-1"]
[WhiteElo "2106"]
[BlackElo "1831"]
[PlyCount "60"]
[EventDate "2007.??.??"]
[Source "SG Dortmund"]
[SourceDate "2004.12.16"]

1. e4 c5 2. Nf3 d6 3. d4 cxd4 4. Nxd4 Nf6 5. Nc3 a6 6. Bc4 e6 7. Bb3 b5 8. f3
Bb7 9. Be3 Be7 10. Qd2 Nc6 11. g4 Nd7 12. Bxe6 Nde5 13. O-O Nxd4 14. Bxf7+ Nxf7
15. Bxd4 O-O 16. f4 Bf6 17. g5 Bxd4+ 18. Qxd4 Qc8 19. Rad1 Qg4+ 20. Kh1 Qe6 21.
f5 Qe5 22. h4 Qg3 23. Rd2 Qh3+ 24. Kg1 Ne5 25. Qf2 b4 26. Nd5 Bxd5 27. Rxd5 Ng4
28. Qf4 Ne3 29. Rf2 Nxd5 30. exd5 Rae8 0-1

[Event "61. BEM 2007"]
[Site "Dortmund"]
[Date "2007.03.13"]
[Round "8.6"]
[White "Kropp, Andreas"]
[Black "Tkachuk, Konstantyn"]
[Result "1/2-1/2"]
[WhiteElo "1821"]
[BlackElo "2090"]
[PlyCount "56"]
[EventDate "2007.??.??"]
[Source "SG Dortmund"]
[SourceDate "2004.12.16"]

1. Nf3 Nf6 2. g3 g6 3. Bg2 Bg7 4. O-O O-O 5. d3 d5 6. c3 c5 7. Qc2 Nc6 8. a3
Qc7 9. c4 d4 10. e3 e5 11. exd4 exd4 12. Bf4 Qd7 13. Re1 Nh5 14. Bd2 b6 15. b4
Bb7 16. b5 Nd8 17. a4 f5 18. h3 Re8 19. Na3 Nf7 20. a5 Ne5 21. Nxe5 Bxe5 22.
Qd1 Bd6 23. Nc2 Rf8 24. Bf3 f4 25. g4 Ng7 26. a6 Bxf3 27. Qxf3 Rad8 28. Re2 Kh8
1/2-1/2

[Event "61. BEM 2007"]
[Site "Dortmund"]
[Date "2007.03.13"]
[Round "8.7"]
[White "Borjini, Mohamed"]
[Black "Büchle, Manfred"]
[Result "1-0"]
[WhiteElo "1965"]
[BlackElo "1851"]
[PlyCount "129"]
[EventDate "2007.??.??"]
[Source "SG Dortmund"]
[SourceDate "2004.12.16"]

1. Nf3 c5 2. c4 Nf6 3. Nc3 e6 4. g3 Be7 5. Bg2 O-O 6. O-O d5 7. cxd5 exd5 8. d4
c4 9. Ne5 Nc6 10. Bg5 Be6 11. e3 h6 12. Bxf6 Bxf6 13. Nxc4 dxc4 14. d5 Bxc3 15.
bxc3 Bd7 16. dxc6 Bxc6 17. Bxc6 bxc6 18. Qa4 Qf6 19. Qxc4 Rfd8 20. Rad1 Rxd1
21. Rxd1 Rb8 22. f4 Rb2 23. e4 Rc2 24. e5 Qf5 25. Qxc6 Rxa2 26. Qd5 Qc2 27.
Qd8+ Kh7 28. Qd3+ Qxd3 29. Rxd3 Rc2 30. Rd7 Kg8 31. Rxa7 Rxc3 32. Ra2 g6 33.
Kf2 h5 34. h4 Kf8 35. Re2 Ke7 36. Re3 Rc1 37. Kf3 Ke6 38. Rd3 Ra1 39. Rd6+ Ke7
40. Rf6 Ra3+ 41. Kg2 Ra2+ 42. Kh3 Re2 43. Ra6 Re3 44. Kg2 Re2+ 45. Kf3 Rb2 46.
f5 Rb3+ 47. Kg2 gxf5 48. Rf6 Rb2+ 49. Kf3 Rb3+ 50. Kf4 Rb4+ 51. Kxf5 Rg4 52.
Rh6 Rxg3 53. Rxh5 Rf3+ 54. Ke4 Rf1 55. Rf5 Re1+ 56. Kf4 Rf1+ 57. Kg5 Rg1+ 58.
Kh6 Rg6+ 59. Kh7 Ke6 60. Rf6+ Rxf6 61. exf6 Kxf6 62. h5 Ke6 63. h6 f5 64. Kg6
f4 65. h7 1-0

[Event "61. BEM 2007"]
[Site "Dortmund"]
[Date "2007.03.13"]
[Round "8.8"]
[White "Starp, Klaus"]
[Black "Flierdl, Lothar"]
[Result "1-0"]
[WhiteElo "1936"]
[BlackElo "1646"]
[PlyCount "83"]
[EventDate "2007.??.??"]
[Source "SG Dortmund"]
[SourceDate "2004.12.16"]

1. e4 e5 2. Nc3 Nc6 3. g3 g6 4. Bg2 Bg7 5. d3 Nge7 6. f4 exf4 7. Bxf4 d6 8. Nf3
Bg4 9. h3 Bxf3 10. Bxf3 Qd7 11. Qd2 Nd4 12. Bg2 h5 13. O-O-O O-O-O 14. Rhf1
Rdf8 15. Rde1 Nec6 16. Nd5 f6 17. c3 Ne6 18. Be3 Kb8 19. Qc2 Ne5 20. c4 Nc6 21.
Qa4 Qd8 22. h4 Ned4 23. Nf4 Rf7 24. b4 f5 25. b5 Ne5 26. Bxd4 Nxd3+ 27. Nxd3
Bxd4 28. Nf4 Qf6 29. Qb3 Re8 30. exf5 Rxe1+ 31. Rxe1 Re7 32. Re6 Rxe6 33. fxe6
Qe5 34. Qd3 Qe1+ 35. Kc2 Qa1 36. Kd2 Qxa2+ 37. Qc2 Qa5+ 38. Ke2 Qa3 39. Nd5
Qxg3 40. Qe4 Qf2+ 41. Kd3 c5 42. e7 1-0

[Event "61. BEM 2007"]
[Site "Dortmund"]
[Date "2007.03.13"]
[Round "8.9"]
[White "Kartsev, Alexandr"]
[Black "Ziperstein, Jakob"]
[Result "0-1"]
[WhiteElo "1835"]
[BlackElo "1858"]
[PlyCount "70"]
[EventDate "2007.??.??"]
[Source "SG Dortmund"]
[SourceDate "2004.12.16"]

1. e4 g6 2. d4 Bg7 3. Nc3 d6 4. Be3 Nf6 5. f3 Nbd7 6. Qd2 a6 7. O-O-O b5 8. h4
h5 9. Nh3 Nb6 10. Nf2 Bd7 11. Bd3 Rb8 12. Rdg1 Qc8 13. Ncd1 c5 14. dxc5 dxc5
15. Kb1 b4 16. Be2 Bb5 17. g4 Qc6 18. gxh5 Nxh5 19. f4 Na4 20. f5 Nc3+ 21. bxc3
bxc3 22. Nxc3 Bxe2+ 23. Kc1 Qb6 24. Nfd1 Bxd1 25. Kxd1 Qb4 26. Nd5 Qxe4 27.
Nc7+ Kf8 28. Nxa6 Qf3+ 29. Qe2 Rd8+ 30. Bd2 Qxf5 31. Rf1 Qc8 32. Qc4 Bf6 33.
Nxc5 Rd4 34. Qc3 Rd5 35. Ne4 Bxc3 0-1

[Event "61. BEM 2007"]
[Site "Dortmund"]
[Date "2007.03.13"]
[Round "8.10"]
[White "Hardt, Helmut"]
[Black "Ziemek, Gerhard"]
[Result "1-0"]
[WhiteElo "1793"]
[BlackElo "1690"]
[PlyCount "89"]
[EventDate "2007.??.??"]
[Source "SG Dortmund"]
[SourceDate "2004.12.16"]

1. e4 e5 2. Nc3 Nf6 3. Nge2 d5 4. exd5 Nxd5 5. Nxd5 Qxd5 6. Nc3 Qd8 7. Bc4 Be7
8. Nd5 Bd6 9. d4 c6 10. Nc3 Nd7 11. Ne4 Be7 12. Qh5 O-O 13. Bg5 Qa5+ 14. Bd2
Bb4 15. O-O-O Bxd2+ 16. Rxd2 b5 17. Bb3 Qc7 18. Rd3 exd4 19. Rf3 Ne5 20. Rg3
Ng6 21. Ng5 Qf4+ 22. Kb1 Qh4 23. Qe2 Bf5 24. Qf3 Be6 25. Nxe6 fxe6 26. Bxe6+
Kh8 27. Qxc6 Qe7 28. Qd7 Qc5 29. Qd5 Qb6 30. Bd7 Rab8 31. f3 Rf6 32. Re1 a6 33.
a3 Rd8 34. Re8+ Rf8 35. Rxd8 Rxd8 36. Qc6 Qa7 37. Bf5 Ne5 38. Qe4 Nc4 39. Qh4
Nd2+ 40. Ka1 g5 41. Rxg5 Re8 42. Rh5 Re7 43. Qf6+ Kg8 44. Rg5+ Rg7 45. Be6+ 1-0

[Event "61. BEM 2007"]
[Site "Dortmund"]
[Date "2007.03.13"]
[Round "8.11"]
[White "Duschek, Günter"]
[Black "Watzlawek, Markus"]
[Result "0-1"]
[WhiteElo "1633"]
[BlackElo "1967"]
[PlyCount "104"]
[EventDate "2007.??.??"]
[Source "SG Dortmund"]
[SourceDate "2004.12.16"]

1. d4 f5 2. e4 fxe4 3. Nc3 Nf6 4. Bg5 Nc6 5. Bxf6 exf6 6. f3 exf3 7. Nxf3 d5 8.
Bb5 Bb4 9. O-O O-O 10. Ne2 Ne7 11. Bd3 Bf5 12. Ng3 Bxd3 13. Qxd3 Qd7 14. a3 Bd6
15. Nh4 Bxg3 16. Qxg3 Rae8 17. Qd3 Qg4 18. g3 Nc6 19. c3 Qe2 20. Qf5 Qxb2 21.
Qxd5+ Rf7 22. Rfe1 Rd8 23. Qc4 Na5 24. Qb4 Qxb4 25. axb4 Nc4 26. Rxa7 Nd6 27.
Ra5 g6 28. Ng2 c6 29. Ra3 Nb5 30. Rb3 Ra8 31. Nf4 Ra2 32. Re2 Ra1+ 33. Kf2 Rc1
34. Re3 Rf8 35. Ne2 Rc2 36. Kf3 Kf7 37. h4 Ra8 38. g4 Ra1 39. Kg3 Re1 40. Kf3
Rh1 41. Kg3 Nd6 42. b5 Nxb5 43. d5 Nd6 44. dxc6 bxc6 45. Rb6 f5 46. Rxc6 Ne4+
47. Kf4 Rxh4 48. Rc7+ Kf6 49. Rc6+ Kg7 50. Ke5 Rxg4 51. Rc7+ Kh6 52. Rh3+ Kg5 {
und Schwarz gewann in beiderseitiger Zeitnot nach reichlich weiteren Zuegen
durch Zeitueberschreitung von Weiss ...} 0-1

[Event "61. BEM 2007"]
[Site "Dortmund"]
[Date "2007.03.13"]
[Round "8.12"]
[White "Reusche, Horst"]
[Black "Schultz, Bernfried"]
[Result "1/2-1/2"]
[WhiteElo "1900"]
[BlackElo "1708"]
[PlyCount "79"]
[EventDate "2007.??.??"]
[Source "SG Dortmund"]
[SourceDate "2004.12.16"]

1. e4 e5 2. Nc3 Nf6 3. f4 d5 4. fxe5 Nxe4 5. Nf3 Nxc3 6. bxc3 Bg4 7. d4 Be7 8.
Be2 O-O 9. O-O Nd7 10. Qe1 f6 11. exf6 Nxf6 12. Ne5 Bxe2 13. Qxe2 Ne4 14. Rxf8+
Qxf8 15. c4 Qf5 16. Be3 c6 17. Rf1 Qe6 18. cxd5 cxd5 19. Qb5 Nd6 20. Qb3 Bf6
21. Bf4 Rc8 22. Re1 b6 23. c3 Nc4 24. Bg3 Qf5 25. Qb5 Bxe5 26. Qxd5+ Qf7 27.
Qxf7+ Kxf7 28. dxe5 Ke6 29. Bf2 Na3 30. Bd4 Rc4 31. Re3 Nb5 32. Rd3 Ra4 33. Rd2
Na3 34. Rb2 Nc4 35. Re2 Ra5 36. Kf2 Rb5 37. Kf3 Rb2 38. Rxb2 Nxb2 39. Ke4 Nc4
40. g4 1/2-1/2

[Event "61. BEM 2007"]
[Site "Dortmund"]
[Date "2007.03.13"]
[Round "8.13"]
[White "Noori, Mir Ahmad"]
[Black "Werner, Patrick"]
[Result "0-1"]
[WhiteElo "1601"]
[BlackElo "1783"]
[PlyCount "110"]
[EventDate "2007.??.??"]
[Source "SG Dortmund"]
[SourceDate "2004.12.16"]

1. d4 Nf6 2. Nf3 g6 3. e3 Bg7 4. Be2 O-O 5. O-O d6 6. b3 c6 7. Bb2 Nbd7 8. Nbd2
Re8 9. Rb1 a5 10. a4 e5 11. dxe5 dxe5 12. Nc4 Nd5 13. Nd6 Re7 14. Nxc8 Rxc8 15.
Bc4 N5b6 16. Be2 Qc7 17. c4 Nc5 18. Qc2 Na6 19. Ba3 Nb4 20. Bxb4 axb4 21. Rfd1
c5 22. g3 e4 23. Ne1 f5 24. Ng2 g5 25. h4 h6 26. Bf1 Bf6 27. hxg5 hxg5 28. Ne1
Kg7 29. Bg2 g4 30. Bf1 Rh8 31. Bg2 Kg6 32. Rd2 Bc3 33. Rdd1 Reh7 34. Qa2 Rh2
35. a5 Nd7 36. Qe2 Ne5 37. Rd5 Nf3+ 38. Nxf3 gxf3 39. Bxf3 exf3 40. Qxf3 Rh1+
41. Qxh1 Rxh1+ 42. Kxh1 Qxa5 43. Rdd1 Qa2 44. Kg2 Bb2 45. Kg1 Kg5 46. Kg2 Kg4
47. f3+ Kg5 48. Kh3 Qxb3 49. Rd2 Qxe3 50. Rbxb2 Qxf3 51. Rf2 Qg4+ 52. Kg2 Qxc4
53. Rf4 Qd5+ 54. Kh2 c4 55. Kh3 c3 0-1

[Event "61. BEM 2007"]
[Site "Dortmund"]
[Date "2007.03.13"]
[Round "8.14"]
[White "Grube, Jörg"]
[Black "Grawe, Herbert"]
[Result "0-1"]
[WhiteElo "1829"]
[BlackElo "1445"]
[PlyCount "48"]
[EventDate "2007.??.??"]
[Source "SG Dortmund"]
[SourceDate "2004.12.16"]

1. e4 Nc6 2. Nf3 e5 3. Bc4 h6 4. d4 exd4 5. Nxd4 Ne5 6. Bb3 Nf6 7. f4 Ng6 8. e5
Ne4 9. Bd5 Qh4+ 10. g3 Nxg3 11. hxg3 Qxg3+ 12. Kf1 Nxf4 13. Nf5 Qg5 14. Be4 d5
15. Rg1 dxe4 16. Rxg5 hxg5 17. Ng3 Bh3+ 18. Kf2 Rd8 19. Qh1 Bc5+ 20. Be3 Bxe3+
21. Kxe3 Ng2+ 22. Kf2 e3+ 23. Kg1 Rd1+ 24. Kh2 Be6+ 0-1

[Event "61. BEM 2007"]
[Site "Dortmund"]
[Date "2007.03.13"]
[Round "8.15"]
[White "Krause, Dieter"]
[Black "Rossa, Daniel"]
[Result "1-0"]
[WhiteElo "1824"]
[BlackElo "1543"]
[PlyCount "87"]
[EventDate "2007.??.??"]
[Source "SG Dortmund"]
[SourceDate "2004.12.16"]

1. d4 d5 2. Nf3 Nf6 3. e3 c5 4. c3 Nc6 5. Bd3 Bg4 6. h3 Bh5 7. g4 Bg6 8. Ne5 e6
9. Bxg6 hxg6 10. Nd2 Nxe5 11. dxe5 Nd7 12. f4 Qh4+ 13. Kf1 c4 14. Kg2 Nc5 15.
Nf3 Qd8 16. b4 Ne4 17. Bb2 b5 18. a4 Qb6 19. Qd4 Qxd4 20. Nxd4 bxa4 21. Rxa4
Be7 22. Rha1 O-O 23. Rxa7 Rxa7 24. Rxa7 Bh4 25. g5 Be1 26. Ra3 Rb8 27. Kf1 Nf2
28. Kxe1 Nd3+ 29. Kd2 Nxb2 30. Ra6 Nd3 31. Nc6 Re8 32. h4 Nf2 33. Rb6 Ne4+ 34.
Kc2 Kf8 35. Kb2 Nd2 36. Nd4 Ra8 37. Rb5 Ne4 38. Ra5 Rc8 39. Ra7 Ng3 40. Ka3 Nf1
41. Nc2 Nd2 42. b5 Nf3 43. Kb4 f6 44. Nd4 1-0

[Event "61. BEM 2007"]
[Site "Dortmund"]
[Date "2007.03.13"]
[Round "8.16"]
[White "Grewe, Markus"]
[Black "Schröder, Marcel"]
[Result "1-0"]
[WhiteElo "1766"]
[BlackElo "1440"]
[PlyCount "37"]
[EventDate "2007.??.??"]
[Source "SG Dortmund"]
[SourceDate "2004.12.16"]

1. e4 e5 2. Nf3 Nc6 3. Bc4 Bc5 4. c3 Nf6 5. d4 exd4 6. e5 Ne4 7. cxd4 Bb4+ 8.
Bd2 Nxd2 9. Nbxd2 d5 10. exd6 Qxd6 11. O-O O-O 12. Ne4 Qg6 13. Bd3 Bf5 14. Nh4
Qg4 15. Nxf5 Qxf5 16. a3 Be7 17. Re1 Qd5 18. Nc3 Qxd4 19. Rxe7 1-0

[Event "61. BEM 2007"]
[Site "Dortmund"]
[Date "2007.03.13"]
[Round "8.17"]
[White "Gegner, Michael"]
[Black "Raskin, Vitali"]
[Result "1-0"]
[WhiteElo "1517"]
[BlackElo "1678"]
[PlyCount "51"]
[EventDate "2007.??.??"]
[Source "SG Dortmund"]
[SourceDate "2004.12.16"]

1. d4 d5 2. e4 dxe4 3. Nc3 Nf6 4. f3 exf3 5. Nxf3 Bg4 6. h3 Bh5 7. g4 Bg6 8.
Ne5 e6 9. Qf3 c6 10. Be3 Bb4 11. Nxg6 hxg6 12. Bc4 Nd5 13. O-O O-O 14. Ne4 Nxe3
15. Qxe3 Nd7 16. Rxf7 Rxf7 17. Bxe6 Be7 18. Rf1 Bf6 19. Bxf7+ Kxf7 20. Ng5+ Kg8
21. Qe6+ Kh8 22. Nf7+ Kh7 23. Nxd8 Bxd4+ 24. Kg2 Rxd8 25. Qe7 Bf6 26. Rxf6 1-0

[Event "61. BEM 2007"]
[Site "Dortmund"]
[Date "2007.03.13"]
[Round "8.18"]
[White "Volmer, Martin"]
[Black "Dörre, Niels"]
[Result "1/2-1/2"]
[WhiteElo "1657"]
[BlackElo "1374"]
[PlyCount "83"]
[EventDate "2007.??.??"]
[Source "SG Dortmund"]
[SourceDate "2004.12.16"]

1. d4 d5 2. Nf3 Nf6 3. c4 e6 4. Nc3 Be7 5. Bf4 c6 6. e3 Nbd7 7. Qc2 dxc4 8.
Bxc4 Nb6 9. Bd3 Nbd5 10. Nxd5 Nxd5 11. O-O h6 12. Be5 Nb4 13. Qe2 Nxd3 14. Qxd3
Bf6 15. Rfd1 O-O 16. b4 b5 17. a4 a6 18. Rdc1 Bb7 19. Bxf6 gxf6 20. Rc5 e5 21.
Qe4 Re8 22. Qg4+ Kh7 23. dxe5 fxe5 24. Qf5+ Kg7 25. Nxe5 Qf6 26. Qxf6+ Kxf6 27.
Nxc6 bxa4 28. Rd1 Re6 29. Nd8 Rb6 30. Nxb7 Rxb7 31. f3 Rxb4 32. Rd6+ Kg7 33.
Ra5 Rc8 34. Kf2 Rc2+ 35. Kg3 Rbb2 36. Rxa4 Rxg2+ 37. Kf4 Rxh2 38. Raxa6 Rbf2
39. Kg3 Rhg2+ 40. Kf4 Rh2 41. Kg3 Rhg2+ 42. Kf4 1/2-1/2

[Event "61. BEM 2007"]
[Site "Dortmund"]
[Date "2007.03.13"]
[Round "8.19"]
[White "Rutmann, Ulrich"]
[Black "Stepke, Horst P"]
[Result "0-1"]
[WhiteElo "1367"]
[BlackElo "1636"]
[PlyCount "40"]
[EventDate "2007.??.??"]
[Source "SG Dortmund"]
[SourceDate "2004.12.16"]

1. e4 e5 2. Nf3 Nc6 3. Bb5 Bc5 4. O-O Nge7 5. d3 O-O 6. Bg5 d6 7. Nc3 Bg4 8.
Nd5 f6 9. Nxe7+ Qxe7 10. Bc4+ Kh8 11. Bh4 Nd4 12. Bg3 f5 13. Bh4 Nxf3+ 14. gxf3
Qxh4 15. fxg4 fxg4 16. Qe2 g3 17. hxg3 Qxg3+ 18. Kh1 Qh4+ 19. Kg2 Qg5+ 20. Kh2
Rf6 0-1

[Event "61. BEM 2007"]
[Site "Dortmund"]
[Date "2007.03.13"]
[Round "8.20"]
[White "Ackerhans, Gerd"]
[Black "Watzlawek, Volker"]
[Result "0-1"]
[WhiteElo "1476"]
[BlackElo "1636"]
[PlyCount "100"]
[EventDate "2007.??.??"]
[Source "SG Dortmund"]
[SourceDate "2004.12.16"]

1. c4 g6 2. Nc3 Bg7 3. d4 f5 4. e3 Nf6 5. Nge2 O-O 6. g3 d6 7. Bg2 Nc6 8. O-O
e5 9. d5 Ne7 10. b3 c6 11. dxc6 bxc6 12. Bb2 Qc7 13. Nb5 cxb5 14. Bxa8 bxc4 15.
Ba3 Rd8 16. Bg2 Be6 17. Rc1 Qa5 18. Bb2 cxb3 19. axb3 Qb5 20. b4 Nfd5 21. Nc3
Nxc3 22. Bxc3 Nd5 23. Qd2 Nxc3 24. Qxc3 e4 25. Qc7 Qb8 26. Qxb8 Rxb8 27. Rc7 a6
28. Rd1 Rxb4 29. Rc6 a5 30. Rcxd6 Bb3 31. Rc1 Rb8 32. Ra6 a4 33. Bf1 Bb2 34.
Rc7 a3 35. Bc4+ Bxc4 36. Rxc4 Rd8 37. Rca4 Rd2 38. Ra8+ Kg7 39. R8a7+ Kh6 40.
Kf1 Rc2 41. h4 Bc1 42. Ke1 Bb2 43. Kf1 Kh5 44. Kg2 Kg4 45. Rxh7 Bc1 46. Ra6 g5
47. Rg6 Bxe3 48. Rxg5+ Bxg5 49. hxg5 Kxg5 50. Kf1 a2 0-1

[Event "61. BEM 2007"]
[Site "Dortmund"]
[Date "2007.03.13"]
[Round "8.21"]
[White "Schröder, Thomas"]
[Black "Strotmann, Dieter"]
[Result "1-0"]
[WhiteElo "1581"]
[BlackElo "1320"]
[PlyCount "91"]
[EventDate "2007.??.??"]
[Source "SG Dortmund"]
[SourceDate "2004.12.16"]

1. f4 d5 2. Nf3 Nf6 3. e3 Bg4 4. b3 g6 5. Bb2 Bg7 6. d4 Nbd7 7. Bd3 e6 8. Nbd2
O-O 9. O-O Bf5 10. Qe2 Ne4 11. Bxe4 Bxe4 12. Nxe4 dxe4 13. Ng5 Nf6 14. c4 h6
15. Nh3 Nh7 16. Nf2 f5 17. b4 c6 18. Nd1 Qe7 19. Bc3 Rf7 20. Nb2 b6 21. c5 b5
22. a4 Qb7 23. axb5 cxb5 24. Ra5 a6 25. Rfa1 Ra7 26. Nd1 Nf6 27. Qa2 Nd5 28.
Rxa6 Rxa6 29. Qxa6 Qxa6 30. Rxa6 Nc7 31. Ra7 Kf8 32. Be1 Bf6 33. Kf2 Ke8 34.
Nc3 Bd8 35. Rb7 Rd7 36. Nxb5 Nxb5 37. Rxb5 Ra7 38. c6 Bc7 39. Rc5 Ke7 40. Rc2
Kd6 41. b5 Bb6 42. Bb4+ Kc7 43. Bc5 Bxc5 44. dxc5 Ra8 45. Rd2 Rd8 46. b6+ 1-0

[Event "61. BEM 2007"]
[Site "Dortmund"]
[Date "2007.03.13"]
[Round "8.22"]
[White "Holtmann, Rainer"]
[Black "Clausen, Dirk"]
[Result "1-0"]
[WhiteElo "1679"]
[BlackElo "1370"]
[PlyCount "69"]
[EventDate "2007.??.??"]
[Source "SG Dortmund"]
[SourceDate "2004.12.16"]

1. e4 d6 2. d4 g6 3. Nc3 Bg7 4. Nf3 Nc6 5. Be3 e6 6. Qd2 Bd7 7. Be2 Qe7 8. h4
h5 9. O-O-O Nh6 10. Ng5 f6 11. Nh3 Ng4 12. Bxg4 hxg4 13. Nf4 Qf7 14. Nxe6 Bxe6
15. d5 Bd7 16. dxc6 Bxc6 17. Nd5 Rc8 18. Kb1 a6 19. f3 gxf3 20. gxf3 Rh5 21.
Nf4 Rb5 22. Ne2 f5 23. Bd4 fxe4 24. fxe4 Bxe4 25. Rhf1 Bf5 26. Nc3 Rb4 27. Bxg7
Qxg7 28. h5 Rg4 29. h6 Qf7 30. Nd5 Kf8 31. Qc3 Rg2 32. Ne3 Rg5 33. h7 Qxh7 34.
Qf6+ Qf7 35. Qxg5 1-0

[Event "61. BEM 2007"]
[Site "Dortmund"]
[Date "2007.03.13"]
[Round "8.23"]
[White "Benke, Werner"]
[Black "Schaefer, Ulrich"]
[Result "1-0"]
[WhiteElo "1501"]
[BlackElo "1347"]
[PlyCount "51"]
[EventDate "2007.??.??"]
[Source "SG Dortmund"]
[SourceDate "2004.12.16"]

1. e4 e5 2. f4 exf4 3. Nf3 d5 4. exd5 Nf6 5. d4 Nxd5 6. Bc4 Be6 7. Qe2 Be7 8.
O-O O-O 9. Bxd5 Bxd5 10. Qd3 c5 11. c3 Qc7 12. Kh1 cxd4 13. Nxd4 Bc4 14. Qf3
Bxf1 15. Qxf1 Bg5 16. Nd2 Re8 17. N2b3 Nd7 18. Nf5 Re6 19. Nbd4 Rf6 20. Ne7+
Kf8 21. Nd5 Qe5 22. Nxf6 Qxf6 23. Qb5 Re8 24. Nf3 Qc6 25. Qb4+ Kg8 26. Ne5 {
Partie nicht rekonstruierbar ...} 1-0

[Event "61. BEM 2007"]
[Site "Dortmund"]
[Date "2007.03.13"]
[Round "8.25"]
[White "Stiebel, Erhard"]
[Black "Pachura, Karl-Heinz"]
[Result "1/2-1/2"]
[WhiteElo "1384"]
[BlackElo "1332"]
[PlyCount "44"]
[EventDate "2007.??.??"]
[Source "SG Dortmund"]
[SourceDate "2004.12.16"]

1. d4 Nf6 2. Nf3 e6 3. e3 d5 4. Bd3 g6 5. O-O Bg7 6. Ne5 O-O 7. Nd2 Nbd7 8. f4
c5 9. c3 c4 10. Bc2 Ne8 11. e4 f5 12. exd5 exd5 13. Ndf3 Nb6 14. b3 Nf6 15.
bxc4 Nxc4 16. Nxc4 dxc4 17. Ne5 Be6 18. Rb1 Bd5 19. Ba4 a6 20. Ba3 b5 21. Bxf8
Bxf8 22. Bc2 Qa5 1/2-1/2

[Event "61. BEM 2007"]
[Site "Dortmund"]
[Date "2007.03.13"]
[Round "8.26"]
[White "Gennat, Egon L"]
[Black "Krüger, Inge"]
[Result "0-1"]
[WhiteElo "1518"]
[BlackElo "1253"]
[PlyCount "70"]
[EventDate "2007.??.??"]
[Source "SG Dortmund"]
[SourceDate "2004.12.16"]

1. e4 e6 2. d4 d5 3. Nd2 dxe4 4. Nxe4 Be7 5. Nf3 Nd7 6. Bb5 c6 7. Bc4 Ngf6 8.
Nc3 O-O 9. O-O Nb6 10. Bb3 Nbd5 11. Re1 h6 12. Ne2 b5 13. Nf4 Bb7 14. a3 Re8
15. Nd3 Qc7 16. Nde5 Rad8 17. c3 c5 18. c4 bxc4 19. Bxc4 cxd4 20. Nxd4 a6 21.
Qb3 Bc5 22. Ndf3 Nb6 23. Be2 Bd5 24. Qd3 Bc4 25. Qb1 Bxe2 26. Rxe2 Rd1+ 27. Ne1
Bd4 28. N5d3 Ng4 29. g3 Nd5 30. Qc2 Qxc2 31. Rxc2 Bxf2+ 32. Nxf2 Rxe1+ 33. Kg2
Nge3+ 34. Bxe3 Nxe3+ 35. Kf3 Nxc2 0-1

[Event "61. BEM 2007"]
[Site "Dortmund"]
[Date "2007.03.13"]
[Round "8.27"]
[White "Bollmann, Marcel"]
[Black "Reinacher, Detlev"]
[Result "0-1"]
[WhiteElo "1280"]
[BlackElo "1480"]
[PlyCount "90"]
[EventDate "2007.??.??"]
[Source "SG Dortmund"]
[SourceDate "2004.12.16"]

1. e4 d6 2. d4 g6 3. Nc3 Bg7 4. f4 c6 5. Nf3 Nf6 6. Bd3 O-O 7. Bd2 b5 8. a3 Bb7
9. e5 Nfd7 10. Ne4 dxe5 11. dxe5 a6 12. Nfg5 h6 13. Nf3 c5 14. Qe2 c4 15. Bxc4
bxc4 16. Qxc4 Nb6 17. Qe2 N8d7 18. O-O-O Rc8 19. Ba5 Qe8 20. g4 Nc4 21. Bb4 a5
22. Bc3 Ndb6 23. f5 Nd5 24. Bd4 Nf4 25. Qe1 Qc6 26. Ned2 Nxd2 27. Qxd2 Qxf3 28.
Rhf1 Ne2+ 29. Kb1 Qxg4 30. Bb6 Bf3 31. Rde1 Bxe5 32. Rxf3 Qxf3 33. Rxe2 Qxf5
34. Bxa5 Rb8 35. Bb4 Rfd8 36. Qxh6 Rd1+ 37. Ka2 Bxb2 38. Kxb2 Qf6+ 39. c3 Qf5
40. Kb3 Qd5+ 41. Kc2 Ra1 42. Rd2 Qa2+ 43. Kd3 Rd8+ 44. Ke2 Qe6+ 45. Qe3 Re1+
0-1

[Event "61. BEM 2007"]
[Site "Dortmund"]
[Date "2007.03.13"]
[Round "8.28"]
[White "Zabel, Reinhard"]
[Black "Schoppe, Hans-Werner"]
[Result "1-0"]
[WhiteElo "1427"]
[BlackElo "1178"]
[PlyCount "68"]
[EventDate "2007.??.??"]
[Source "SG Dortmund"]
[SourceDate "2004.12.16"]

1. e4 e5 2. Nf3 d6 3. d4 Nd7 4. dxe5 dxe5 5. Bc4 h6 6. Nc3 Bb4 7. O-O Bxc3 8.
bxc3 Ngf6 9. Re1 Qe7 10. Bb3 Nc5 11. Ba3 Bg4 12. Qe2 O-O 13. h3 Bh5 14. Qe3
Nfd7 15. Rad1 b6 16. Bd5 Rad8 17. Bc6 Nb8 18. Ba4 f6 19. Rd3 Nba6 20. Bb5 Nb8
21. Red1 a6 22. Rxd8 Rxd8 23. Rxd8+ Qxd8 24. Bc4+ Bf7 25. Bxf7+ Kxf7 26. Bxc5
bxc5 27. Qxc5 Nd7 28. Qd5+ Kg6 29. Nh4+ Kh7 30. Qf7 Nf8 31. Nf5 Ne6 32. Qxe6
Qf8 33. Qe7 Qg8 34. Qxc7 Kg6 1-0

[Event "61. BEM 2007"]
[Site "Dortmund"]
[Date "2007.03.13"]
[Round "8.29"]
[White "Dirks, Rainer"]
[Black "Bötzel, Sascha"]
[Result "1-0"]
[WhiteElo "979"]
[BlackElo "1333"]
[PlyCount "75"]
[EventDate "2007.??.??"]
[Source "SG Dortmund"]
[SourceDate "2004.12.16"]

1. e4 c5 2. Nf3 d6 3. Bc4 Nf6 4. Nc3 Nc6 5. O-O Nxe4 6. Nxe4 d5 7. Bxd5 Qxd5 8.
d3 c4 9. Nc3 Qd6 10. dxc4 Qc7 11. Nd5 Qb8 12. Bf4 e5 13. Re1 Bd6 14. b4 O-O 15.
Bg3 f6 16. c5 Bc7 17. b5 Na5 18. Ne7+ Kh8 19. Re2 Bg4 20. Qd3 Rd8 21. Qc3 Rd7
22. Qb4 Bxf3 23. Ng6+ hxg6 24. gxf3 Rd4 25. Qe1 Qe8 26. f4 e4 27. f3 f5 28. c3
Rc4 29. Bf2 Bxf4 30. Bd4 Qe7 31. fxe4 Re8 32. Qf2 Bh6 33. Rae1 fxe4 34. Rxe4
Qg5+ 35. Qg3 Qxg3+ 36. hxg3 Rxe4 37. Rxe4 Ra4 38. Bxg7+ 1-0